|
|
|
|
| LEADER |
01499nam a2200349 a 4500 |
| 001 |
24163 |
| 003 |
BD-DhAAL |
| 005 |
20220103100529.0 |
| 008 |
120103s1974 paua b 001 0 eng d |
| 999 |
|
|
|c 11714
|d 11714
|
| 010 |
|
|
|a 73020013
|
| 020 |
|
|
|a 0397520581
|
| 040 |
|
|
|a DLC
|c DLC
|d DLC
|d BD-DhAAL
|
| 082 |
0 |
0 |
|a 615.4
|
| 100 |
1 |
|
|a Sprowls, Joseph Barnett
|9 24508
|
| 240 |
1 |
0 |
|a American pharmacy
|
| 245 |
1 |
0 |
|a Sprowls' American pharmacy :
|b an introduction to pharmaceutical techniques and dosage forms /
|c edited by Lewis W. Dittert.
|
| 250 |
|
|
|a Seventh edition
|
| 260 |
|
|
|a Philadelphia :
|b Lippincott,
|c 1974.
|
| 300 |
|
|
|a xii, 511 pages :
|b illustrations ;
|c 26 cm.
|
| 500 |
|
|
|a Previous editions edited by R. A. Lyman.
|
| 504 |
|
|
|a Includes bibliographical references and index.
|
| 526 |
|
|
|a AAL
|
| 541 |
1 |
|
|e 24163
|
| 650 |
|
0 |
|a Pharmacy.
|9 24509
|
| 700 |
1 |
|
|a Dittert, Lewis W.
|9 24510
|
| 700 |
1 |
|
|a Lyman, Rufus Ashley,
|d 1875-1957,
|t American pharmacy.
|9 24511
|
| 740 |
|
|
|a American pharmacy.
|
| 852 |
1 |
|
|a Ayesha Abed Library
|c General Stacks
|
| 942 |
|
|
|2 ddc
|c BK
|
| 952 |
|
|
|0 0
|1 0
|2 ddc
|4 0
|6 615_400000000000000_SPR
|7 0
|9 19052
|a PHR
|b PHR
|c GEN
|d 2012-01-03
|e Greenway Trade International
|g 10465.00
|l 4
|m 31
|o 615.4 SPR
|p 3010024163
|r 2016-01-10
|s 2015-08-01
|t 1
|w 2012-01-03
|y BK
|
| 952 |
|
|
|0 0
|1 0
|2 ddc
|4 0
|6 615_400000000000000_SPR
|7 0
|9 62465
|a BRACUL
|b BRACUL
|c GEN
|d 2018-01-08
|e Development Book Agency
|g 14195.00
|l 1
|m 28
|o 615.4 SPR
|p 3010032613
|r 2022-06-26
|s 2020-01-14
|t 2
|v 14195.00
|w 2018-01-08
|y BK
|